|
|
|
|
| LEADER |
00000nab a2200000 a 4500 |
| 001 |
vtls000706881 |
| 003 |
SK-MaSNL |
| 005 |
20260305032330.0 |
| 008 |
180206c1999 xo 0 slo |
| 015 |
|
|
|a SNBRB1999/10-26341
|
| 035 |
|
|
|a CLN000059048
|
| 040 |
|
|
|a SNKBUCL
|b slo
|c SNKBUCL
|e AACR2
|
| 041 |
0 |
|
|a slo
|
| 044 |
|
|
|a xo
|c SK
|
| 080 |
|
|
|a 667:061.5(437.6)
|2 UDC-MRF-SK2
|
| 100 |
1 |
|
|a Ilavský, Martin
|4 aut
|9 445688
|
| 245 |
1 |
0 |
|a Chemolak, a.s., Smolenice
|c Martin Ilavský
|
| 300 |
|
|
|b Grafy, tab.
|
| 500 |
|
|
|a Súbežný názov a text angl.
|
| 610 |
|
7 |
|a Chemolak (Smolenice, Slovensko)
|y 1994-1998
|2 snkbucl
|9 1611526
|
| 651 |
|
7 |
|a Trnava (Slovensko : okres)
|2 snkbucl
|9 51837
|
| 655 |
|
7 |
|a články z novín a časopisov
|2 snkbucl
|9 267496
|
| 773 |
0 |
|
|x 1335-1435
|t Burza
|g Č. 4 (1999), s. 46-49
|
| 850 |
|
|
|a Slovenská národná knižnica v Martine
|
| 852 |
|
|
|a SNK
|b KIS3GCP
|
| 958 |
|
|
|a RBX
|
| 999 |
|
|
|c 3319639
|d 3321569
|